000 00381nam a22001697a 4500
003 MPLRDC
005 20220104123752.0
008 210129b ||||| |||| 00| 0 eng d
082 _a544.3 SZ
100 _a不详
245 _a夫妻医学
_c
250 _a革新版
260 _a
_b尚志文化出版社
_c1988
300 _b
650 _a婚姻
942 _cBK
_o544.3 SZ
999 _c14043
_d14033